Datum a čas kvízu
30
Celkem bodů
Celkový počet nahraných bodů na tomto kvízu bez doplňovacích otázek.
8.
Pořadí na kvízu
Konečné umístění týmu na tomto kvízu.
Zaznamenané odpovědi
| # | Otázka | Odpověď | Body | Výsledky |
|---|---|---|---|---|
| 1. | Město Litomyšl vstoupilo do no... | 0 | ||
| 2. | Další z absurdních nařízení má... | 0 | ||
| 3. | Pirátská strana využila ve své... | 0 | ||
| 4. | Končící britská velvyslankyně... | 1 | ||
| 5. | Útočník San Jose Sharks Joe Th... | 1 | ||
| 6. | Současný prezident Miloš Zeman... | 0 | ||
| 7. | Který z devíti kandidátů ofici... | 1 | ||
| 8. | Ženskou kandidátku v těchto vo... | 1 | ||
| 9. | Se kterým kandidátem je spojen... | 1 | ||
| 10. | Jedním ze smyšlených kandidátů... | 1 |